Countries with the most Ethiopian Diaspora - Statistics

General Stats
  • This quiz has been taken 92 times
  • The average score is 12 of 15
Answer Stats
Ethiopians Country % Correct
90,000+ United Kingdom
98%
460,000+ United States
98%
44,000+ Canada
91%
21,000+ Germany
91%
30,000+ Italy
89%
37,000+ Kenya
89%
155,000+ Israel
86%
73,000+ Sudan
86%
19,000+ Australia
83%
750,000+ Saudi Arabia
83%
200,000+ United Arab Emirates
81%
45,000+ South Africa
80%
12,800+ South Sudan
65%
42,000+ Sweden
64%
30,000+ Lebanon
37%
No matching quizzes found
Score Distribution
Percent of People with Each Score
Percentile by Number Answered
Your Score History
You have not taken this quiz